000 00322nam a22001217a 4500
008 180315b xxu||||| |||| 00| 0 eng d
041 _aeng
080 _a030
100 _a23
101 _aENC
245 _aTHE MILTON CTOSS NEW ENCYCLOPEDIA OF THE GREAT COMPOSERS AND THEIR MUSIC
_cEWEN.D
942 _2udc
_cBK
999 _c45095
_d45095